00402nam a2200157Ia 4500003000400000005001700004008004000021040000700061041001200068082001700080100002100097245004500118260003300163300000800196650004000204OSt20240406094347.0210210b1954 xxu||||| |||| 00| 0 eng d cAL aEnglish a330.122 BERT aBERLE (Adolf A). aTwentieth century capitalist revolution. aNew YorkbHarvest Bookc1954 a192 a20th century capitalist revolution.